[Event "IECG QN.2005.0.00377"]
[Site "IECG email"]
[Date "2005.11.19"]
[Round "?"]
[White "Ragnoli, Emanuele"]
[Black "Van Rijswijk, Oskar"]
[Result "0-1"]
[WhiteElo "800"]
[BlackElo "864"]
[PlyCount "62"]
[EventDate "2005.11.19"]
[EventType "tourn (corr)"]
[EventRounds "6"]
[SourceTitle "Corr 2008"]
[Source "ChessBase"]
[SourceDate "2008.06.24"]
[SourceVersion "1"]
[SourceVersionDate "2008.06.24"]
[SourceQuality "1"]

1. d4 Nf6 2. Nc3 d5 3. Nf3 Bf5 4. e3 e6 5. Ne5 Bb4 6. Bd2 0-0 7. Bd3 Bxd3 8. Nxd3 Bxc3 9. Bxc3 Ne4 10. Bb4 Re8 11. 0-0 Qg5 12. Nc5 Nxc5 13. Bxc5 b6 14. Bb4 Nc6 15. Qd2 e5 16. Qc3 Qg6 17. Rad1 exd4 18. exd4 a5 19. Ba3 Re2 20. Qf3 Rxc2 21. Qxd5 Rd8 22. Qf3 b5 23. Bc5 Rxb2 24. Rfe1 Rc2 25. Be7 Nxe7 26. Rxe7 Qf6 27. Qxf6 gxf6 28. a3 Rxd4 29. Ree1 Rxd1 30. Rxd1 b4 31. axb4 axb4 0-1

[Event "IECG QF.2001.0.00004"]
[Site "IECG email"]
[Date "2001.07.07"]
[Round "?"]
[White "Chuprys, Viktar"]
[Black "Van Rijswijk, Oskar"]
[Result "1/2-1/2"]
[WhiteElo "1168"]
[BlackElo "783"]
[PlyCount "82"]
[EventDate "2001.07.07"]
[EventType "tourn (corr)"]
[EventRounds "6"]
[SourceTitle "Corr 2008"]
[Source "ChessBase"]
[SourceDate "2008.06.24"]
[SourceVersion "1"]
[SourceVersionDate "2008.06.24"]
[SourceQuality "1"]

1. c4 e5 2. Nc3 Nf6 3. Nf3 Nc6 4. g3 Bb4 5. Bg2 Bxc3 6. bxc3 0-0 7. d3 d6 8. 0-0 e4 9. Nd4 Ne5 10. Bf4 c5 11. Nb3 Re8 12. Bxe5 Rxe5 13. Nd2 Bf5 14. Qc2 exd3 15. exd3 Qe7 16. Rfd1 Re8 17. Bf1 d5 18. Nf3 Re6 19. cxd5 Nxd5 20. Re1 Qf6 21. Rxe6 Rxe6 22. Nh4 Bg4 23. d4 cxd4 24. cxd4 g5 25. Qc5 Ne7 26. Ng2 b6 27. Qc4 Bf3 28. Ne3 Rd6 29. Qc7 Rxd4 30. Qxa7 Rd2 31. Nc4 Rc2 32. Qb8+ Kg7 33. Qe5 Qxe5 34. Nxe5 Bd5 35. a4 Bb3 36. Nf3 Rc5 37. Nd4 Bd5 38. Bd3 Rc3 39. Bb5 Kf6 40. Rb1 h5 41. Ne2 Rf3 1/2-1/2

[Event "IECG QF.2001.0.00004"]
[Site "IECG email"]
[Date "2001.07.07"]
[Round "?"]
[White "Van Rijswijk, Oskar"]
[Black "Brozio, Michael"]
[Result "1/2-1/2"]
[WhiteElo "783"]
[BlackElo "1092"]
[PlyCount "120"]
[EventDate "2001.07.07"]
[EventType "tourn (corr)"]
[EventRounds "6"]
[SourceTitle "Corr 2008"]
[Source "ChessBase"]
[SourceDate "2008.06.24"]
[SourceVersion "1"]
[SourceVersionDate "2008.06.24"]
[SourceQuality "1"]

1. e4 c5 2. Nf3 d6 3. Bb5+ Bd7 4. Bxd7+ Qxd7 5. 0-0 Nc6 6. c3 Nf6 7. d4 cxd4 8. Nxd4 g6 9. Re1 Bg7 10. Bg5 0-0 11. Nxc6 bxc6 12. Bxf6 Bxf6 13. e5 Bg7 14. exd6 exd6 15. Nd2 d5 16. Qa4 Rab8 17. Nb3 Qc7 18. Re2 Rfe8 19. Rae1 Rxe2 20. Rxe2 c5 21. g3 Bf8 22. f4 c4 23. Qa5 Qd6 24. Nd4 Qd7 25. b3 Bg7 26. Re3 Rc8 27. Qb4 Bf8 28. Qb5 Qxb5 29. Nxb5 Bc5 30. Nd4 Bxd4 31. cxd4 cxb3 32. axb3 Rc1+ 33. Kf2 Rd1 34. Re7 Rxd4 35. Rxa7 Rd2+ 36. Kg1 Kg7 37. Ra5 Kf6 38. g4 d4 39. Rd5 Ke6 40. Rd8 h5 41. h3 Rd3 42. Kg2 h4 43. b4 Rd2+ 44. Kg1 f6 45. b5 f5 46. g5 Rb2 47. Rxd4 Rxb5 48. Rd3 Rb4 49. Re3+ Kd5 50. Re5+ Kd6 51. Ra5 Ke6 52. Ra6+ Kd5 53. Rxg6 Ke4 54. Rh6 Kf3 55. Rc6 Rb1+ 56. Kh2 Kxf4 57. g6 Rb7 58. Kg2 Rg7 59. Rc4+ Kg5 60. Kf3 Rxg6 1/2-1/2

[Event "IECG QF.2001.0.00004"]
[Site "IECG email"]
[Date "2001.07.07"]
[Round "?"]
[White "Van Rijswijk, Oskar"]
[Black "Jimenez Haertel, Walter"]
[Result "0-1"]
[WhiteElo "783"]
[BlackElo "1166"]
[PlyCount "120"]
[EventDate "2001.07.07"]
[EventType "tourn (corr)"]
[EventRounds "6"]
[SourceTitle "Corr 2008"]
[Source "ChessBase"]
[SourceDate "2008.06.24"]
[SourceVersion "1"]
[SourceVersionDate "2008.06.24"]
[SourceQuality "1"]

1. e4 c5 2. Nf3 e6 3. d4 cxd4 4. Nxd4 a6 5. Nc3 d6 6. Bc4 Nf6 7. 0-0 Nc6 8. Bg5 Be7 9. Nxc6 bxc6 10. Bxf6 Bxf6 11. Qf3 0-0 12. Rad1 Qc7 13. Qg3 Rd8 14. Rfe1 g6 15. Re3 Qe7 16. Red3 d5 17. e5 Bg7 18. R3d2 Bb7 19. Be2 Qc7 20. f4 Bf8 21. Bg4 Qb6+ 22. Qf2 Bc5 23. Rd4 Qxb2 24. Na4 Bxd4 25. Nxb2 Bxf2+ 26. Kxf2 c5 27. Na4 Rab8 28. Rd2 c4 29. Nc5 a5 30. c3 Bc6 31. Ke3 Rb1 32. g3 Rdb8 33. Bd1 R8b2 34. a3 Rxd2 35. Kxd2 Kf8 36. a4 Ke7 37. Kc2 Ra1 38. Kd2 Kd8 39. g4 Kc7 40. f5 gxf5 41. gxf5 exf5 42. e6 fxe6 43. Nxe6+ Kd6 44. Nd4 Bxa4 45. Be2 f4 46. Nf5+ Ke5 47. Nd4 Bd7 48. Kc2 Ra2+ 49. Kb1 Rd2 50. Nf3+ Ke4 51. Nxd2+ Ke3 52. Bxc4 Kxd2 53. Bxd5 Kxc3 54. Bf3 Kd2 55. Kb2 Ke3 56. Bg2 f3 57. Bf1 Kf2 58. Bd3 Ke1 59. Bxh7 Bg4 60. Be4 f2 0-1

[Event "IECG CP.2000.P.00113"]
[Site "IECG email"]
[Date "2000.10.01"]
[Round "?"]
[White "Van Rijswijk, Oskar"]
[Black "Prieto, Carlos"]
[Result "0-1"]
[WhiteElo "690"]
[BlackElo "1050"]
[PlyCount "102"]
[EventDate "2000.10.01"]
[EventType "tourn (corr)"]
[EventRounds "6"]
[EventCountry "TUN"]
[SourceTitle "Corr 2008"]
[Source "ChessBase"]
[SourceDate "2008.06.24"]
[SourceVersion "1"]
[SourceVersionDate "2008.06.24"]
[SourceQuality "1"]

1. e4 c5 2. Nf3 d6 3. d4 cxd4 4. Nxd4 Nf6 5. Nc3 g6 6. Be3 Bg7 7. Be2 Nc6 8. 0-0 0-0 9. Nb3 Be6 10. f4 Qc8 11. h3 Rd8 12. Bd3 d5 13. e5 d4 14. Nxd4 Nxd4 15. exf6 Bxf6 16. Ne4 Bg7 17. c3 Nf5 18. Qe2 Rxd3 19. Qxd3 Bc4 20. Qd2 Bxf1 21. Rxf1 Qe6 22. Qd3 Nxe3 23. Nc5 Qxa2 24. Qxe3 Qxb2 25. Qxe7 Bf8 26. Na4 Bxe7 27. Nxb2 a5 28. Nd3 a4 29. Rb1 a3 30. Nc1 Rd8 31. Kf2 Rd1 32. Ra1 a2 33. Ke2 Rg1 34. Kd3 Ba3 35. Rxa2 Bxc1 36. Ra1 f5 37. Rb1 b6 38. Kc4 Be3 39. Rxg1 Bxg1 40. Kd5 Kg7 41. c4 Be3 42. Ke5 h5 43. Kd5 Bxf4 44. c5 bxc5 45. Kxc5 Kf6 46. Kd5 Kg5 47. Ke6 Bd2 48. Ke5 Kh4 49. Kf6 f4 50. Kxg6 Kg3 51. Kxh5 Kxg2 0-1

[Event "IECG QN.2000.0.00135"]
[Site "IECG email"]
[Date "2000.08.20"]
[Round "?"]
[White "Hendershot, Paul"]
[Black "Van Rijswijk, Oskar"]
[Result "0-1"]
[WhiteElo "800"]
[BlackElo "702"]
[PlyCount "78"]
[EventDate "2000.08.20"]
[EventType "tourn (corr)"]
[EventRounds "6"]
[SourceTitle "Corr 2008"]
[Source "ChessBase"]
[SourceDate "2008.06.24"]
[SourceVersion "1"]
[SourceVersionDate "2008.06.24"]
[SourceQuality "1"]

1. e4 e5 2. d3 Bb4+ 3. Bd2 Nc6 4. c3 Bc5 5. Nf3 Nf6 6. b4 Bb6 7. b5 Na5 8. Nxe5 Qe7 9. Nf3 d5 10. Be2 dxe4 11. dxe4 Nxe4 12. 0-0 Bd7 13. Be3 Bxe3 14. fxe3 0-0-0 15. Nd4 Rhe8 16. Bd3 Nxc3 17. Nxc3 Qxe3+ 18. Kh1 Qxd4 19. Ne4 Rxe4 20. Bxe4 Qxe4 21. Qe1 Qxe1 22. Raxe1 Be6 23. Rf3 Rd2 24. h3 Rxa2 25. Rc1 Rb2 26. Rfc3 Bc4 27. Rxc4 Nxc4 28. Rxc4 Rxb5 29. Re4 a5 30. Re7 Rf5 31. g4 Rf6 32. Re8+ Kd7 33. Rb8 Ra6 34. Rxb7 a4 35. Rb2 a3 36. Rf2 a2 37. Rxf7+ Kc6 38. Rxg7 a1Q+ 39. Kg2 Qxg7 0-1

[Event "IECG QN.2000.0.00110"]
[Site "IECG email"]
[Date "2000.04.14"]
[Round "?"]
[White "Van Rijswijk, Oskar"]
[Black "Rodrigues, Eduardo Hercos"]
[Result "0-1"]
[WhiteElo "800"]
[BlackElo "728"]
[PlyCount "48"]
[EventDate "2000.04.14"]
[EventType "tourn (corr)"]
[EventRounds "6"]
[SourceTitle "Corr 2008"]
[Source "ChessBase"]
[SourceDate "2008.06.24"]
[SourceVersion "1"]
[SourceVersionDate "2008.06.24"]
[SourceQuality "1"]

1. e4 c5 2. f4 d6 3. Bb5+ Nd7 4. d3 a6 5. Ba4 b5 6. Bb3 Ngf6 7. a4 Rb8 8. axb5 axb5 9. f5 g6 10. Nf3 Bg7 11. Ng5 0-0 12. fxg6 hxg6 13. h4 Ne5 14. g4 b4 15. h5 Bxg4 16. Qd2 Bh6 17. Qf2 Bxg5 18. Bxg5 Bxh5 19. c3 Nxd3+ 20. Kf1 Nxf2 21. Rh4 N2xe4 22. Bh6 Qd7 23. Bxf8 Qf5+ 24. Ke1 Qf2# 0-1